000 00367nam a2200157Ia 4500
008 230312s9999||||xx |||||||||||||| ||und||
020 _a81-7366-154-5
082 _a005.133
_bHOR-B
100 _aHorton Ivory
245 0 _aBeginning JAVA 2
260 _bWROX
300 _a1233
546 _aEng.
650 _aComputer
_vWhat is Java ? Learning java
942 _cBK
999 _c3202
_d3202